| 000 | 00583nam a2200217Ia 4500 | ||
|---|---|---|---|
| 003 | GCL | ||
| 008 | 140319s9999 xx 000 0 ara d | ||
| 040 |
_aGCL / _cGCL |
||
| 082 | 0 | 4 |
_a709 _bا ح |
| 100 | 1 | _aاحمد شفيق زاهر | |
| 245 | 1 | 0 |
_aحديث الفنون / _cاحمد شفيق زاهر |
| 700 | 1 | _aحبيب جورجى | |
| 700 | 1 | _aمحمد عبدالهادى | |
| 300 | _a140 | ||
| 490 |
_a100 قصة _v0 |
||
| 650 | 0 | 4 | _aالنحت |
| 650 | 0 | 4 | _aالعمارة |
| 650 | 0 | 4 | _aالفن الافريقى |
| 650 | 0 | 4 | _aالفن المصرى |
| 942 |
_2ddc _cBK |
||
| 999 |
_c43435 _d43435 |
||